| 000 | 00693na a2200265 4500 | ||
|---|---|---|---|
| 001 | 12590 | ||
| 003 | MIRAKIL | ||
| 005 | 20181213154829.0 | ||
| 008 | 161003b tu 000 0 | ||
| 020 | _a9786055985318 | ||
| 035 | _a12590 | ||
| 040 |
_aMilas _btur _cTR-AnCHP |
||
| 041 | _atur | ||
| 082 |
_a320.01 _bA91s 2008 |
||
| 090 | _a320.01 A91s 2008 | ||
| 100 |
_aAybek, Şahin _d1977- |
||
| 245 |
_aSiyaset sosyolojisine giriş _cŞahin Aybek |
||
| 260 |
_aAnkara _bMaya Akademi _c2008. |
||
| 300 |
_a85 s. _c20 sm. |
||
| 490 |
_aMaya Akademi _v38 |
||
| 504 | _aKaynakça var. | ||
| 650 |
_aSiyaset sosyolojisi _xTarih |
||
| 650 |
_aSiyaset bilimi _xSosyoloji |
||
| 942 |
_2ddc _cBKS |
||
| 999 |
_c1602 _d1602 |
||